Cómo administrar con el método deming / (Registro nro. 6098)
[ vista simple ]
| 000 -LEADER | |
|---|---|
| fixed length control field | 01553nam a2200325Ia 4500 |
| 003 - CONTROL NUMBER IDENTIFIER | |
| control field | OSt |
| 005 - DATE AND TIME OF LATEST TRANSACTION | |
| control field | 20201022154537.0 |
| 008 - FIXED-LENGTH DATA ELEMENTS--GENERAL INFORMATION | |
| fixed length control field | 191128s1988 ck ad gr 000 0 spa d |
| 020 ## - INTERNATIONAL STANDARD BOOK NUMBER | |
| International Standard Book Number | 9580407266 |
| 040 ## - CATALOGING SOURCE | |
| Original cataloging agency | CO-JMCR |
| Transcribing agency | CO-JMCR |
| 041 1# - LANGUAGE CODE | |
| Language code of text/sound track or separate title | spa |
| Language code of original | eng |
| 082 04 - DEWEY DECIMAL CLASSIFICATION NUMBER | |
| Classification number | 658.4013 / |
| Item number | W239c |
| Edition number | 23 |
| 100 1# - MAIN ENTRY--PERSONAL NAME | |
| Personal name | Walton, Mary, |
| Relator term | autora |
| 9 (RLIN) | 11816 |
| 245 10 - TITLE STATEMENT | |
| Title | Cómo administrar con el método deming / |
| Statement of responsibility, etc. | Mary Walton ; prólogo de W. Edwards Deming ; traducción, Gisela Wulfers de Rosas ; revisión técnica, Alberto Carvajal Cabal |
| 260 ## - PUBLICATION, DISTRIBUTION, ETC. | |
| Place of publication, distribution, etc. | Bogotá : |
| Name of publisher, distributor, etc. | Norma, |
| Date of publication, distribution, etc. | 1988 |
| 300 ## - PHYSICAL DESCRIPTION | |
| Extent | xx, 291 páginas : |
| Other physical details | gráficos a blanco y negro ; |
| Dimensions | 24 cm. |
| 500 ## - GENERAL NOTE | |
| General note | Incluye notas a pie de páginas. |
| 505 0# - FORMATTED CONTENTS NOTE | |
| Formatted contents note | W. Edwards Deming-El hombre y su misión -- El método gerencial deming -- Como hacer funcionar el método deming |
| 520 0# - SUMMARY, ETC. | |
| Summary, etc. | Bien sea usted el dueño de una empresa pequeña, un gerente de nivel medio en una compañía de mediana importancia, o el presidente de una multinacional, este libro le enseñará la manerá de aumentar sus utilidades y su productividad |
| 534 ## - ORIGINAL VERSION NOTE | |
| Introductory phrase | The deming management method |
| 546 ## - LANGUAGE NOTE | |
| Language note | Traducido del inglés |
| 650 24 - SUBJECT ADDED ENTRY--TOPICAL TERM | |
| Topical term or geographic name entry element | Administración de personal |
| 9 (RLIN) | 1610 |
| 650 24 - SUBJECT ADDED ENTRY--TOPICAL TERM | |
| Topical term or geographic name entry element | Método Deming (Administración) |
| 9 (RLIN) | 11817 |
| 650 24 - SUBJECT ADDED ENTRY--TOPICAL TERM | |
| Topical term or geographic name entry element | Administración de empresas |
| 9 (RLIN) | 11818 |
| 650 24 - SUBJECT ADDED ENTRY--TOPICAL TERM | |
| Topical term or geographic name entry element | Mejora continua de calidad |
| 9 (RLIN) | 11819 |
| 700 1# - ADDED ENTRY--PERSONAL NAME | |
| Personal name | Deming, W. Edwards, |
| Relator term | prologuista |
| 9 (RLIN) | 11820 |
| 700 1# - ADDED ENTRY--PERSONAL NAME | |
| Personal name | Wulfers de Rosas, Gisela, |
| Relator term | traductora |
| 9 (RLIN) | 11821 |
| 700 1# - ADDED ENTRY--PERSONAL NAME | |
| Personal name | Carvajal Cabal, Alberto, |
| Relator term | revisor |
| 9 (RLIN) | 11822 |
| 942 ## - ADDED ENTRY ELEMENTS (KOHA) | |
| Source of classification or shelving scheme | Dewey Decimal Classification |
| Koha item type | Books |
| Withdrawn status | Lost status | Source of classification or shelving scheme | Materials specified (bound volume or other part) | Damaged status | Not for loan | Home library | Current library | Shelving location | Date acquired | Source of acquisition | Full call number | Barcode | Date last seen | Copy number | Price effective from | Koha item type |
|---|---|---|---|---|---|---|---|---|---|---|---|---|---|---|---|---|
| Dewey Decimal Classification | Donación--15/04/2018-- | Biblioteca Pública José María del Castillo y Rada | Biblioteca Pública José María del Castillo y Rada | General Stacks | 11/28/2019 | Donación | 658.4013 / W239c | 430012030 | 05/16/2024 | Ej.1 | 11/28/2019 | Books |